书目信息 |
| 题名: |
工程振动理论与测试技术
|
|
| 作者: | 刘习军 , 贾启芬 编著 | |
| 分册: | ||
| 出版信息: | 北京 高等教育出版社 2004.11 |
|
| 页数: | 523页 | |
| 开本: | 23cm | |
| 丛书名: | ||
| 单 册: | ||
| 中图分类: | TB123 | |
| 科图分类: | ||
| 主题词: | 工程力学--Gong Cheng Li Xue--振动理论--研究生--教材 , 工程力学--Gong Cheng Li Xue--振动测量--研究生--教材 | |
| 电子资源: | ||
| ISBN: | 7-04-013841-7 | |
| 000 | 01213nam0 2200313 450 | |
| 001 | CAL 012004142822 | |
| 005 | 20050701085936.16 | |
| 010 | @a7-04-013841-7@dCNY 52.00 | |
| 099 | @aCAL 012004142822 | |
| 100 | @a20041222d2004 ekmy0chiy0121 ea | |
| 101 | 0 | @achi |
| 102 | @aCN@b110000 | |
| 105 | @aak a 000yy | |
| 200 | 1 | @a工程振动理论与测试技术@AGong Cheng Zhen Dong Li Lun Yu Ce Shi Ji Shu@d= Engineering vibraton theory and testing technigues@f刘习军, 贾启芬编著@zeng |
| 210 | @a北京@c高等教育出版社@d2004.11 | |
| 215 | @a523页@c图@d23cm | |
| 300 | @a教育部研究生工作办公室推荐 | |
| 320 | @a有书目 | |
| 330 | @a本书共分两篇16章。第一篇系统地介绍了结构振动和机械振动的基本原理及其在工程中的应用。第二篇论述了有关工程振动测试技术的基本理论及现代工程测试技术在工程中的实际应用。 | |
| 333 | @a研究生教学用书 | |
| 510 | 1 | @aEngineering vibraton theory and testing technigues@zeng |
| 606 | 0 | @a工程力学@AGong Cheng Li Xue@x振动理论@x研究生@j教材 |
| 606 | 0 | @a工程力学@AGong Cheng Li Xue@x振动测量@x研究生@j教材 |
| 690 | @aTB123@v4 | |
| 701 | 0 | @a刘习军@ALiu Xi Jun@4编著 |
| 701 | 0 | @a贾启芬@AJia Qi Fen@4编著 |
| 801 | 0 | @aCN@bNMU@c20050701 |
| 905 | @a10447@dTB123@eL690 | |
| 998 | @aNMU | |
| 工程振动理论与测试技术= Engineering vibraton theory and testing technigues/刘习军, 贾启芬编著.-北京:高等教育出版社,2004.11 |
| 523页:图;23cm |
| 教育部研究生工作办公室推荐.-使用对象:研究生教学用书 |
| ISBN 7-04-013841-7:CNY 52.00 |
| 本书共分两篇16章。第一篇系统地介绍了结构振动和机械振动的基本原理及其在工程中的应用。第二篇论述了有关工程振动测试技术的基本理论及现代工程测试技术在工程中的实际应用。 |
| ● |
| 相关链接 |
|
|
|
正题名:工程振动理论与测试技术
索取号:TB123/L690
 
预约/预借
| 序号 | 登录号 | 条形码 | 馆藏地/架位号 | 状态 | 备注 |
| 1 | 538409 | 205384092 | 期刊室512/501自科库 4排1列2层/ [索取号:TB123/L690] | 在馆 | |
| 2 | 538410 | 205384109 | 自科库501/501自科库 4排1列2层/ [索取号:TB123/L690] | 在馆 | |
| 3 | 538411 | 205384118 | 自科库501/501自科库 4排1列2层/ [索取号:TB123/L690] | 在馆 |